Súčasný stav právnej úpravy podnikania v Slovenskej republike - problémy a niektoré návrhy de lege ferenda

V posledných rokoch sa citeľne zlepšilo podnikateľské prostredie v Slovenskej republike. Hlavnou slabinou zostáva problém vymožiteľnosti práva, nadbytočná regulačná záťaž smerom k podnikateľom a málo rozvinutý kapitálový trh. Právne prostredie transformácie ekonomiky SR. Problémy rozvoja právneho po...

Descrizione completa

Salvato in:
Dettagli Bibliografici
Autore principale: Sabo, Mikuláš
Natura: Capitolo di libro
Lingua:slovacco
Soggetti:
Tags: Aggiungi Tag
Nessun Tag, puoi essere il primo ad aggiungerne!!

MARC

LEADER 00000naa$a2200000$$$4500
001 0048204
005 20240711093020.9
041 0 |a slo 
044 |a SK 
245 1 0 |a Súčasný stav právnej úpravy podnikania v Slovenskej republike - problémy a niektoré návrhy de lege ferenda  |c Mikuláš Sabo 
520 |a V posledných rokoch sa citeľne zlepšilo podnikateľské prostredie v Slovenskej republike. Hlavnou slabinou zostáva problém vymožiteľnosti práva, nadbytočná regulačná záťaž smerom k podnikateľom a málo rozvinutý kapitálový trh. Právne prostredie transformácie ekonomiky SR. Problémy rozvoja právneho poriadku SR v oblasti ekonomiky. 
610 2 0 |a podnikanie 
610 2 0 |a prostredie podnikateľské 
610 2 0 |a úpravy právne 
610 2 0 |a poriadok právny 
610 2 0 |a legislatíva 
610 2 0 |a Slovensko 
100 1 |a Sabo, Mikuláš